000 00636nam a2200229Ia 4500
003 OSt
005 20220928143113.0
006 a|||||r|||| 00| 0
007 ta
008 220927b |||||||| |||| 00| 0 eng d
024 _a21170
037 _cTextual
040 _aSDCL
_cSDCL
_beng
041 _2eng
_aeng
082 _aE92Z20aG111, L8
100 _aSegal Harold L Ed.
_9504679
245 0 _aProtein turnover and lysossome function.
260 _c1978
700 _a Doyle Darrell J Ed.
_9504680
942 _hE92Z20aG111, L8
_cTEXL
_2CC
999 _c823224
_d823224